| 000 | 007130000a22002290004500 | ||
|---|---|---|---|
| 003 | LK-CoMWRAF | ||
| 005 | 20231004142921.0 | ||
| 008 | 230817t1996 ||||| |||| 00| 0 eng d | ||
| 040 |
_aLK-CoMWRAF _dLK-CoMWRAF _eLK-CoMWRAF |
||
| 041 | _aeng | ||
| 082 |
_a297.577 _bISL |
||
| 245 | _aIslamic Fatawa regarding women | ||
| 260 |
_aRiyadh: _bDarussalam, _c1996 |
||
| 300 |
_a391 p. ; 23 cm. _bGlossary and index included |
||
| 650 | _aWomen (Islamic law) | ||
| 650 | _a Fatwas | ||
| 650 | _aMuslim women--Conduct of life | ||
| 700 |
_aMusnad, Muhammad Bin Abdul-Aziz Al _ecomp. |
||
| 700 |
_aZarabozo, Jamaal Ai-Din _etrans. |
||
| 856 | _uhttps://www.islamland.com/uploads/books/fatwah_eng.pdf | ||
| 942 | _cBK | ||
| 999 |
_c1482 _d1482 |
||